000
00308nam a2200133Ia 4500
008
240624s9999 xx 000 0 und d
041
_a
eng
082
_a
650.1 BAS
100
_a
SARATHI BASU
245
_a
MAKE IT OR BREAK IT
260
_c
2012
_a
New Delhi
_b
Penguin
300
_a
232 : p.
365
_c
RS
_b
25
999
_c
21442
_d
21442